Spell the Marvel Hero #21 - Statistics

General Stats
  • This quiz has been taken 21 times
  • The average score is 4 of 6
Answer Stats
Picture Answer % Correct
Ant-Man
100%
Angel
95%
Rogue
84%
Kitty Pryde
68%
Ka-Zar
58%
Zuras
32%
No matching quizzes found
Score Distribution
Percent of People with Each Score
Percentile by Number Answered
Your Score History
You have not taken this quiz